000
00306nam a2200121Ia 4500
008
231120s2013 xx 000 0 und d
041
_a
eng
082
_a
741.2
100
_a
RICHARD BOX
245
_a
ART HANDBOOKS: BASIC DRAWING TECHNIQUES
260
_a
SEARCH PRESS
_b
SEARCH PRESS
_c
2013
300
_a
P-48
999
_c
933325
_d
933325